[Event "Asian Teams"]
[Site "Jodhpur IND"]
[Date "2003.04.07"]
[Round "1"]
[White "Zhang Zhong"]
[Black "Kakageldyev,A"]
[Result "1/2-1/2"]
[WhiteElo "2666"]
[BlackElo "2461"]
[EventDate "2003.04.07"]

1. e4 e5 2. Nf3 Nc6 3. Bb5 a6 4. Bxc6 dxc6 5. O-O Qe7 6. d4 exd4 7. Nxd4
Bd7 8. Nc3 O-O-O 9. Qf3 g6 10. Be3 Bg7 11. Nb3 Nh6 12. Qg3 Ng4 13. Bc5 Qe6
14. Bd4 Bxd4 15. Nxd4 Qd6 16. Rad1 Qxg3 17. hxg3 c5 18. Nf3 Be6 19. Ng5 Bc4
20. Rfe1 h6 21. Nh3 g5 22. f3 Ne5 23. Nf2 Nc6 24. Ng4 Nd4 25. Ne3 Be6 26.
Kf2 f5 27. exf5 Nxf5 28. Nxf5 Bxf5 29. Ne4 b6 30. Rxd8+ Rxd8 31. g4 Bh7 32.
Re2 a5 33. g3 Rf8 34. Ke3 Re8 35. Rd2 Re6 36. a3 Re8 37. c3 Re6 38. Rd5 a4
39. Rd2 Re8 40. Re2 Kd7 41. Kd3 Kc6 42. Kd2 Bxe4 43. fxe4 Kd6 44. Ke3 Ke6
45. Rh2 Rh8 46. Rh1 Rh7 47. Rf1 Rh8 48. Rf5 Rd8 49. Ke2 c4 50. Rf3 c5 51.
Rf5 Rd3 52. Rf3 Rd8 53. Rf5 Rd3 54. Rf3 Rd8 55. Rf5 Rd3 56. Rf3 Rd7 57. Rf8
Rd8 58. Rf5 Rd7 59. Rf3 Ke5 60. Rf8 Ke6 1/2-1/2

[Event "Asian Teams"]
[Site "Jodhpur IND"]
[Date "2003.04.07"]
[Round "1"]
[White "Shukuraliev,A"]
[Black "Barua,D"]
[Result "0-1"]
[WhiteElo "2300"]
[BlackElo "2545"]
[EventDate "2003.04.07"]

1. c4 e5 2. Nc3 Nf6 3. Nf3 Nc6 4. e4 Bb4 5. Nd5 Bc5 6. d3 Ng4 7. Ne3 Nxe3
8. Bxe3 Qe7 9. Be2 O-O 10. O-O d6 11. Qd2 f5 12. exf5 Bxf5 13. a3 a5 14.
Rfe1 Qf6 15. Rad1 Rae8 16. d4 exd4 17. Nxd4 Be4 18. Bg4 Qg6 19. f3 Ne5 20.
Ne6 Bxf3 21. Bxc5 Qxg4 22. Rxe5 Bxd1 23. h3 Qxc4 24. Qxd1 Rxe6 25. b3 Qf1+
0-1

[Event "Asian Teams"]
[Site "Jodhpur IND"]
[Date "2003.04.07"]
[Round "1"]
[White "Annaberdiev,M"]
[Black "Xu Jun"]
[Result "0-1"]
[WhiteElo "2394"]
[BlackElo "2628"]
[EventDate "2003.04.07"]

1. d4 Nf6 2. Nf3 e6 3. Bf4 c5 4. e3 Nc6 5. Nbd2 d5 6. c3 Nh5 7. Be5 f6 8.
Nh4 g6 9. Bg3 cxd4 10. exd4 Bg7 11. Bd3 Nxg3 12. hxg3 e5 13. dxe5 fxe5 14.
Qe2 Qf6 15. O-O-O Bd7 16. Be4 Ne7 17. Bxd5 Nxd5 18. Ne4 Qc6 19. c4 Be6 20.
Kb1 Nb6 21. Nd6+ Ke7 22. Qe3 Nxc4 23. Nxc4 Qxc4 24. Qa3+ Kf7 25. Nf3 Bf6
26. Rh4 Qc6 27. Qe3 Rac8 28. Ka1 h5 29. Re4 Rhd8 30. Re1 Qd5 31. b3 Kg7 32.
Nxe5 Bf5 33. Rb4 Rc2 34. f4 Qd1+ 0-1

[Event "Asian Teams"]
[Site "Jodhpur IND"]
[Date "2003.04.07"]
[Round "1"]
[White "Darban,M"]
[Black "Ibraev,N"]
[Result "0-1"]
[WhiteElo "2347"]
[BlackElo "2401"]
[EventDate "2003.04.07"]

1. e4 c5 2. Nf3 e6 3. d4 cxd4 4. Nxd4 Qb6 5. Nb3 Qc7 6. Nc3 a6 7. Bd3 Nf6
8. O-O d6 9. Qe2 Be7 10. Bd2 Nbd7 11. f4 b5 12. a3 Bb7 13. Rae1 e5 14. g4
exf4 15. g5 f3 16. Rxf3 Ng4 17. Nd5 Bxd5 18. exd5 Nge5 19. Rg3 g6 20. Qg2
O-O 21. Nd4 Rfe8 22. Bc3 Bf8 23. Rge3 Qc5 24. Kh1 Nxd3 25. Rxd3 Rxe1+ 26.
Bxe1 Ne5 27. Nb3 Qb6 28. Rh3 Re8 29. Bc3 Bg7 30. Bd4 Qd8 31. Qg3 Qa8 32.
Qg2 Nc4 0-1

[Event "Asian Teams"]
[Site "Jodhpur IND"]
[Date "2003.04.07"]
[Round "1"]
[White "Kunte,A"]
[Black "Zilberman,N"]
[Result "0-1"]
[WhiteElo "2499"]
[BlackElo "2365"]
[EventDate "2003.04.07"]

1. d4 g6 2. e4 Bg7 3. Nc3 c6 4. Nf3 d6 5. Be3 b5 6. Bd3 Nd7 7. O-O Qc7 8.
Qd2 Bb7 9. Rae1 a6 10. Ne2 c5 11. c3 Ngf6 12. Ng3 h5 13. Bg5 e5 14. h3 O-O
15. Bh6 Nh7 16. Be3 Qd8 17. dxe5 dxe5 18. Rd1 h4 19. Bc2 hxg3 20. Qxd7
gxf2+ 21. Bxf2 Qc8 22. Bg3 Nf6 23. Qxc8 Raxc8 24. Rfe1 Rfd8 25. Rxd8+ Rxd8
26. Bxe5 Re8 27. Bd6 Bf8 28. Bxf8 Kxf8 29. Nd2 c4 30. Kf2 Nd7 31. b4 Ne5
32. Nf3 Kg7 33. Nxe5 Rxe5 34. g4 Kf6 35. Ke3 Kg5 36. a4 f6 37. axb5 axb5
38. Rd1 Re6 39. Kf3 f5 40. Re1 fxe4+ 41. Bxe4 Kh4 42. g5 Rxe4 43. Rxe4+
Kxg5 0-1

[Event "Asian Teams"]
[Site "Jodhpur IND"]
[Date "2003.04.07"]
[Round "1"]
[White "Kostenko,P"]
[Black "Ghane,S"]
[Result "1-0"]
[WhiteElo "2481"]
[BlackElo "2381"]
[EventDate "2003.04.07"]

1. e4 e6 2. d4 d5 3. Nc3 Nf6 4. Bg5 Be7 5. e5 Nfd7 6. h4 Nc6 7. Qg4 f6 8.
Bf4 fxe5 9. dxe5 Ndxe5 10. Qxg7 Bf6 11. Qg3 Qe7 12. O-O-O Nf7 13. Re1 Qb4
14. Bxc7 Bd7 15. a3 Qc5 16. Na4 Qe7 17. Ne2 b5 18. Nec3 bxa4 19. Nxd5 Bxb2+
20. Kxb2 Qc5 21. Nf6+ Ke7 22. Ne4 Qd5 23. Qd3 Nd4 24. Rd1 Rab8+ 25. Ka1 e5
26. Bxe5 Nxc2+ 27. Qxc2 Qxe5+ 28. Qc3 Rhc8 29. Qxe5+ Nxe5 30. Ba6 Rc6 31.
Rhe1 Be6 32. Ng5 Rc3 33. Re3 Rxe3 34. fxe3 Rb3 35. Nxe6 Rxa3+ 36. Kb2 Rb3+
37. Kc2 Kxe6 38. Rd4 Rxe3 39. Rxa4 Rg3 40. Bb7 Kf6 41. Ra6+ Kf5 42. Rxa7
Kg4 43. Ra4+ Kf5 44. Kd2 h5 45. Ke2 Rb3 46. Be4+ Kf6 47. Ra6+ Kg7 48. Ra7+
Kf8 49. Ra5 Rb2+ 50. Ke1 Ng4 51. Rxh5 Rb3 52. Bf3 Nh2 53. Be2 Rb4 54. Kf2
Rb2 55. Rg5 Kf7 56. h5 Kf6 57. Rg6+ Kf7 58. Rg3 Rb4 59. Rg5 Re4 60. h6 Rh4
61. Rh5 Rxh5 62. Bxh5+ Kg8 63. Ke1 1-0

[Event "Asian Teams"]
[Site "Jodhpur IND"]
[Date "2003.04.07"]
[Round "1"]
[White "Sadvakasov,D"]
[Black "Ghaem Maghami,E"]
[Result "1/2-1/2"]
[WhiteElo "2577"]
[BlackElo "2528"]
[EventDate "2003.04.07"]

1. e4 c5 2. Nf3 d6 3. d4 cxd4 4. Nxd4 Nf6 5. Nc3 a6 6. Be3 e5 7. Nb3 Be7 8.
Qd2 O-O 9. f3 Be6 10. O-O-O Qc7 11. g4 Rc8 12. Qf2 Nbd7 13. Kb1 b5 14. g5
Nh5 15. h4 b4 16. Nd5 Bxd5 17. exd5 Rcb8 18. f4 exf4 19. Bxf4 Nxf4 20. Qxf4
Ne5 21. Nd4 a5 22. h5 a4 23. g6 b3 24. cxb3 axb3 25. a3 Ra4 26. Qf5 Bf6 27.
gxh7+ Kh8 28. Rc1 Qxc1+ 29. Kxc1 Rxd4 30. Ba6 Rxd5 31. h6 1/2-1/2

[Event "Asian Teams"]
[Site "Jodhpur IND"]
[Date "2003.04.07"]
[Round "1"]
[White "Odeev,H"]
[Black "Yu Shaoteng"]
[Result "1-0"]
[WhiteElo "2441"]
[BlackElo "2520"]
[EventDate "2003.04.07"]

1. e4 e6 2. d4 d5 3. Nc3 a6 4. Bd3 Nc6 5. Nf3 Nb4 6. Be2 Nf6 7. Bg5 h6 8.
Bxf6 Qxf6 9. a3 dxe4 10. Nxe4 Qg6 11. axb4 Qxe4 12. c3 Bd6 13. O-O O-O 14.
Re1 Qf4 15. Bd3 Bd7 16. Ne5 Bb5 17. g3 Qg5 18. h4 Qe7 19. Bb1 Rfd8 20. Qc2
Qf6 21. Qh7+ Kf8 22. Be4 g5 23. hxg5 hxg5 24. Bxb7 Rab8 25. Bxa6 Be8 26.
Ng4 Qg7 27. Qg8+ 1-0

[Event "Asian Teams"]
[Site "Jodhpur IND"]
[Date "2003.04.08"]
[Round "2"]
[White "Ravi,L"]
[Black "Kostenko,P"]
[Result "1-0"]
[WhiteElo "2427"]
[BlackElo "2481"]
[EventDate "2003.04.07"]

1. d4 e6 2. c4 c5 3. d5 exd5 4. cxd5 d6 5. Nc3 g6 6. e4 Bg7 7. Nf3 a6 8. h3
b5 9. Bd3 Ne7 10. O-O O-O 11. Bf4 h6 12. Re1 Ra7 13. Qd2 g5 14. Bh2 Ng6 15.
e5 b4 16. Na4 Nxe5 17. Nxe5 dxe5 18. Nxc5 Qb6 19. Rac1 Re8 20. Kh1 Nd7 21.
Ne4 Bb7 22. f4 Raa8 23. Bg1 Qa5 24. Nd6 Bxd5 25. Nxe8 Rxe8 26. Bf5 Qb5 27.
Rcd1 Nf6 28. fxe5 Nh5 29. Bh2 Be6 30. Bxe6 Rxe6 31. Qd5 Qxd5 32. Rxd5 Bf8
33. Rc1 Kg7 34. g4 Nf4 35. Bxf4 gxf4 36. Rf1 f6 37. Rxf4 fxe5 38. Rd7+ Kg8
39. Re4 Bd6 40. Kg2 Kf8 41. Rc4 Be7 42. Kf3 Rf6+ 43. Ke4 Rf4+ 44. Kd5 Rf3
45. Rc8+ Kf7 46. Rcc7 Rd3+ 47. Kxe5 1-0

[Event "Asian Teams"]
[Site "Jodhpur IND"]
[Date "2003.04.08"]
[Round "2"]
[White "Nguyen Anh Dung"]
[Black "Sandipan,C"]
[Result "1-0"]
[WhiteElo "2530"]
[BlackElo "2478"]
[EventDate "2003.04.07"]

1. d4 d5 2. c4 e6 3. Nc3 c6 4. Nf3 dxc4 5. e3 b5 6. a4 Bb4 7. Bd2 a5 8.
axb5 Bxc3 9. Bxc3 cxb5 10. b3 Bb7 11. bxc4 b4 12. Bb2 Nf6 13. Bd3 Nbd7 14.
O-O O-O 15. Re1 Ne4 16. Nd2 Nxd2 17. Qxd2 Qc7 18. Rec1 Rfb8 19. c5 a4 20.
c6 Bxc6 21. Be4 a3 22. Rxc6 axb2 23. Rb1 Qd8 24. Rc4 Ra1 25. Rxb4 Rxb4 26.
Qxb4 Qb6 27. Qc3 f5 28. Bd3 Rxb1+ 29. Bxb1 Qb5 30. Qc2 Nb6 31. g4 Nc4 32.
gxf5 Qxf5 33. Qxf5 exf5 34. Bxf5 Nd2 35. f4 Kf7 36. Kf2 Kf6 37. Bd3 b1=Q
38. Bxb1 Nxb1 39. e4 g5 40. Ke3 Na3 41. e5+ Kf5 42. fxg5 Nc2+ 43. Kd3 Ne1+
44. Ke2 Ng2 45. Kf3 Nh4+ 46. Ke3 Ng6 47. Kf3 Kxg5 48. Ke4 Nf8 49. d5 Ng6
50. h4+ Kg4 51. e6 Nf8 52. Ke5 Ng6+ 53. Ke4 1-0

[Event "Asian Teams"]
[Site "Jodhpur IND"]
[Date "2003.04.08"]
[Round "2"]
[White "Ramesh,R"]
[Black "Tu Hoang Thong"]
[Result "1/2-1/2"]
[WhiteElo "2444"]
[BlackElo "2506"]
[EventDate "2003.04.07"]

1. e4 e5 2. Nf3 Nc6 3. Bb5 a6 4. Ba4 Nf6 5. O-O Nxe4 6. d4 b5 7. Bb3 d5 8.
dxe5 Be6 9. Nbd2 Nc5 10. c3 Bg4 11. Bc2 Qd7 12. Re1 Rd8 13. Nb3 Ne6 14. a4
Be7 15. axb5 axb5 16. Qd3 Bh5 17. Qxb5 Bxf3 18. gxf3 Nxe5 19. Qxd7+ Nxd7
20. f4 g6 21. f5 gxf5 22. Bxf5 O-O 23. Na5 Bf6 24. Bh6 Ne5 25. Bxf8 Nf3+
26. Kf1 Nxe1 27. Bxe6 fxe6 28. Rxe1 Rxf8 29. Rxe6 d4 30. cxd4 Bxd4 31. Re2
Ra8 32. Nc6 Bf6 33. Ne7+ Kf7 34. Nd5 Rb8 35. Nxf6 Kxf6 36. Kg2 Rb3 37. f3
Kf5 38. Kg3 c5 39. h4 c4 40. Re4 Rxb2 41. Rxc4 Rb7 42. Rc5+ Kg6 43. Rg5+
Kf6 44. Kg4 Rb4+ 45. f4 Rb1 46. Kh5 Rf1 47. Rg4 Kf5 48. Rg5+ Kf6 49. Kh6
Rxf4 50. h5 Re4 51. Rg2 Re7 52. Rf2+ Ke6 53. Rf8 Rf7 1/2-1/2

[Event "Asian Teams"]
[Site "Jodhpur IND"]
[Date "2003.04.08"]
[Round "2"]
[White "Ibraev,N"]
[Black "Sharma,D"]
[Result "1/2-1/2"]
[WhiteElo "2401"]
[BlackElo "2384"]
[EventDate "2003.04.07"]

1. Nf3 d5 2. d4 c6 3. c4 Nf6 4. e3 Bf5 5. Nc3 e6 6. Nh4 Be4 7. f3 Bg6 8.
Qb3 Qc7 9. Bd2 Nbd7 10. O-O-O Qb6 11. Nxg6 Qxb3 12. axb3 hxg6 13. Bd3 Bd6
14. h3 a6 15. Rhe1 O-O-O 16. cxd5 cxd5 17. Ne2 Kb8 18. Bc3 Rc8 19. Kd2 b5
20. b4 Nb6 21. Nc1 Nc4+ 22. Ke2 a5 23. Na2 axb4 24. Bxb4 Bg3 25. Rf1 Nxb2
26. Rb1 Nxd3 27. Kxd3 Kc7 1/2-1/2

[Event "Asian Teams"]
[Site "Jodhpur IND"]
[Date "2003.04.08"]
[Round "2"]
[White "Zhang Zhong"]
[Black "Ganguly,S"]
[Result "1/2-1/2"]
[WhiteElo "2666"]
[BlackElo "2542"]
[EventDate "2003.04.07"]

1. e4 e5 2. Nf3 Nc6 3. Bb5 a6 4. Bxc6 dxc6 5. O-O Ne7 6. Nxe5 Qd4 7. Qh5 g6
8. Qg5 Bg7 9. Nd3 f5 10. e5 Qg4 11. Qe3 Nd5 12. Qe1 b6 13. Nc3 Bb7 14. f3
Qd4+ 15. Qf2 Qxf2+ 16. Kxf2 c5 17. Nxd5 Bxd5 18. Nf4 Bf7 19. Nh3 O-O-O 20.
f4 c4 21. Rd1 h6 22. b3 g5 23. bxc4 gxf4 24. Bb2 Bh5 25. d3 Bxd1 26. Rxd1
b5 27. cxb5 axb5 28. Nxf4 Rhe8 29. Re1 c5 30. Kf3 b4 31. Nh5 Bh8 32. Kf4 c4
33. Kxf5 c3 34. Bc1 Rxe5+ 35. Rxe5 Bxe5 36. Kxe5 Re8+ 37. Kd4 Re2 38. Nf4
Rxc2 39. Be3 Rxa2 40. Kc4 Ra1 41. Kxb4 c2 42. Kc3 c1=Q 43. Bxc1 Rxc1+ 44.
Kd2 Rh1 45. h3 Kd7 46. Ke3 Re1+ 47. Kf3 Ke7 48. Kg4 Kf6 49. g3 Re8 50. d4
Rd8 51. d5 Rg8+ 52. Kf3 Ke5 53. h4 Rg7 54. Ne6 Rg8 55. Nf4 Rg7 56. Ne6 Rg8
1/2-1/2

[Event "Asian Teams"]
[Site "Jodhpur IND"]
[Date "2003.04.08"]
[Round "2"]
[White "Zhang Pengxiang"]
[Black "Barua,D"]
[Result "1-0"]
[WhiteElo "2557"]
[BlackElo "2545"]
[EventDate "2003.04.07"]

1. e4 e6 2. d4 d5 3. Nd2 Nf6 4. e5 Nfd7 5. f4 c5 6. Ngf3 Nc6 7. Nb3 c4 8.
Nbd2 f5 9. Be2 Be7 10. Nf1 b5 11. Ne3 Nb6 12. O-O O-O 13. g4 fxg4 14. Ne1
Bh4 15. c3 Ne7 16. Bxg4 Nf5 17. Nxf5 exf5 18. Bf3 Be6 19. Ng2 Be7 20. Bd2
a5 21. Ne3 Rb8 22. Kh1 b4 23. b3 Qd7 24. Qe2 Rfc8 25. Rfc1 bxc3 26. Bxc3 a4
27. b4 a3 28. Qg2 Rd8 29. b5 Na4 30. Ba5 Rxb5 31. Bxd8 Bxd8 32. Rab1 Nb2
33. Qc2 Bb6 34. Qc3 Nd3 35. Rf1 Nxf4 36. Nc2 Nd3 37. Qxa3 Ra5 38. Qc3 Qa7
39. a3 f4 40. Qd2 h6 41. Nb4 Nxb4 42. Qxb4 Bxd4 43. Qd6 Qa6 44. Qe7 Rxa3
45. Rb7 Bxe5 46. Rg1 Ra1 47. Qe8+ Kh7 48. Rbxg7+ 1-0

[Event "Asian Teams"]
[Site "Jodhpur IND"]
[Date "2003.04.09"]
[Round "3"]
[White "Tu Hoang Thong"]
[Black "Sharma,D"]
[Result "0-1"]
[WhiteElo "2506"]
[BlackElo "2384"]
[EventDate "2003.04.07"]

1. d4 d5 2. Bg5 c6 3. e3 h6 4. Bh4 Qb6 5. Nd2 Qxb2 6. Ngf3 Qb6 7. Bd3 Nd7
8. O-O e6 9. e4 dxe4 10. Nxe4 Ngf6 11. Nxf6+ Nxf6 12. Bxf6 gxf6 13. Re1 Bg7
14. Qd2 Qc7 15. Re4 Bd7 16. Rb1 f5 17. Re3 O-O-O 18. Ne5 Be8 19. Ba6 bxa6
20. Qd3 Rd5 21. Qxa6+ Kd8 22. h3 Rb5 23. Reb3 Bxe5 24. dxe5 Bd7 25. Rd1 Ke7
26. Rd6 c5 27. f3 f4 28. Rxd7+ Kxd7 0-1

[Event "Asian Teams"]
[Site "Jodhpur IND"]
[Date "2003.04.09"]
[Round "3"]
[White "Ganguly,S"]
[Black "Thipsay,P"]
[Result "1/2-1/2"]
[WhiteElo "2542"]
[BlackElo "2463"]
[EventDate "2003.04.07"]

1. e4 e5 2. Nf3 Nc6 3. Bb5 a6 4. Ba4 Nf6 5. O-O Be7 6. Re1 b5 7. Bb3 d6 8.
c3 O-O 9. h3 Na5 10. Bc2 c5 11. d4 Nd7 12. dxc5 dxc5 13. Nbd2 Bb7 14. Nf1
Nc4 15. N3h2 Nf6 16. Qe2 Qc7 17. Ng3 Nd6 18. Bg5 Kh8 19. Rad1 Rad8 20. b3
Ng8 21. Bc1 c4 22. b4 a5 23. a3 axb4 24. axb4 Nf6 25. Kh1 Rfe8 26. Nf3 Nd7
27. Bb1 Bf8 28. Qc2 g6 29. Nh2 Bg7 30. Ng4 h5 31. Nh2 Nf8 32. Bg5 Rd7 33.
Qc1 Ne6 34. Bh6 Kh7 35. Bxg7 Kxg7 36. Nf3 f6 37. Qe3 Red8 38. Rd2 Nf7
1/2-1/2

[Event "Asian Teams"]
[Site "Jodhpur IND"]
[Date "2003.04.09"]
[Round "3"]
[White "Zhang Pengxiang"]
[Black "Darban,M"]
[Result "1-0"]
[WhiteElo "2557"]
[BlackElo "2347"]
[EventDate "2003.04.07"]

1. e4 c5 2. Nf3 Nc6 3. d4 cxd4 4. Nxd4 Qb6 5. Nb3 Nf6 6. Nc3 e6 7. Bd3 a6
8. O-O Qc7 9. f4 d6 10. Qe2 b5 11. a3 Be7 12. Bd2 Bb7 13. Rae1 h5 14. h3 h4
15. e5 dxe5 16. fxe5 Nh5 17. Bf4 Nxf4 18. Rxf4 g6 19. Nd1 Rh5 20. Re4 Rg5
21. Nf2 Nxe5 22. Rxe5 Rxg2+ 23. Kf1 f6 24. Re4 Rg3 25. Rd1 O-O-O 26. Rg4
Kb8 27. Be4 f5 28. Rxd8+ Bxd8 29. Bxb7 fxg4 30. Bg2 gxh3 31. Bxh3 Bg5 32.
Qxe6 Be3 33. Qe8+ Ka7 34. Bg2 Bxf2 35. Qa8+ Kb6 36. Kxf2 Qxc2+ 37. Kf1 Rxb3
38. Qd8+ Qc7 39. Qd4+ Ka5 40. Qd2+ Ka4 41. Bd5 Qe5 42. Bxb3+ Kxb3 43. Qb4+
Ka2 1-0

[Event "Asian Teams"]
[Site "Jodhpur IND"]
[Date "2003.04.10"]
[Round "4"]
[White "Ramesh,R"]
[Black "Askarov,B"]
[Result "1-0"]
[WhiteElo "2444"]
[BlackElo "2257"]
[EventDate "2003.04.07"]

1. e4 c5 2. Nf3 e6 3. d4 cxd4 4. Nxd4 a6 5. Bd3 Nf6 6. O-O Qc7 7. Qe2 d6 8.
f4 Nbd7 9. Kh1 Be7 10. c4 b6 11. Nc3 Bb7 12. Bd2 O-O 13. Rac1 Rac8 14. f5
Ne5 15. b3 Qd7 16. Bb1 Rfe8 17. fxe6 fxe6 18. Rcd1 Bd8 19. Bf4 Qc7 20. a4
Nfd7 21. Qd2 Nc5 22. Bc2 Bf6 23. Bg3 Qe7 24. Nf3 Red8 25. Qe1 Bc6 26. Nb1
Be8 27. a5 bxa5 28. Qxa5 Qb7 29. Nxe5 dxe5 30. Rxd8 Bxd8 31. Qe1 Bg6 32.
Bxe5 Nxb3 33. Qe3 Na5 34. Nd2 Be7 35. Bxg7 Kxg7 36. Qc3+ Kg8 37. Qxa5 Bb4
38. Qg5 Qe7 39. Qe3 Qc5 40. Qe2 Bxd2 41. Qxd2 Qxc4 42. Bd3 Qd4 43. Qe2 a5
44. h3 a4 45. Bb1 Kg7 46. Rd1 Qc4 47. Qb2+ Qc3 48. Qb5 a3 49. Qd7+ Kh6 50.
Qxe6 Re8 51. Qd5 Qe5 52. Qd2+ Kg7 53. Qf2 Ra8 54. Rd7+ Kh8 55. Ra7 Rd8 56.
Rd7 Rc8 57. Rd1 Ra8 58. Qa2 Qb2 59. Qd5 Re8 60. Rf1 Rg8 61. Rg1 Re8 62. Qc4
Kg7 63. Re1 Bf7 64. Qe2 Qxe2 65. Rxe2 Ra8 66. Ba2 Bxa2 67. Rxa2 Kf6 68. Kh2
Ke5 69. Kg3 Kxe4 70. Kh4 Ra5 71. g4 h6 72. g5 hxg5+ 73. Kg4 Ke3 74. Ra1 a2
75. Rxa2 Rxa2 76. Kxg5 Ra5+ 77. Kg4 Ke4 78. h4 Ke5 79. Kg5 Ke6+ 80. Kg6 Ke7
1-0

[Event "Asian Teams"]
[Site "Jodhpur IND"]
[Date "2003.04.10"]
[Round "4"]
[White "Ravi,L"]
[Black "Barua,D"]
[Result "1-0"]
[WhiteElo "2427"]
[BlackElo "2545"]
[EventDate "2003.04.07"]

1. d4 d5 2. c4 c6 3. Nc3 Nf6 4. Nf3 dxc4 5. a4 Bf5 6. Nh4 Bc8 7. Nf3 Bf5 8.
e3 e6 9. Bxc4 Bb4 10. O-O Nbd7 11. Qe2 Bg4 12. Rd1 Qa5 13. Bd2 Qh5 14. h3
Bxf3 15. Qxf3 Qxf3 16. gxf3 a5 17. f4 h6 18. Kg2 g5 19. Kf3 gxf4 20. exf4
O-O-O 21. Be3 Nb6 22. Bb3 Nbd5 23. Na2 Bd6 24. Nc1 Nb4 25. Nd3 1-0

[Event "Asian Teams"]
[Site "Jodhpur IND"]
[Date "2003.04.10"]
[Round "4"]
[White "Zhang Zhong"]
[Black "Nguyen Anh Dung"]
[Result "1-0"]
[WhiteElo "2666"]
[BlackElo "2530"]
[EventDate "2003.04.07"]

1. e4 c6 2. d4 d5 3. Nc3 dxe4 4. Nxe4 Bf5 5. Ng3 Bg6 6. h4 h6 7. Nf3 Nd7 8.
h5 Bh7 9. Bd3 Bxd3 10. Qxd3 e6 11. Bf4 Qa5+ 12. Bd2 Qc7 13. O-O-O Ngf6 14.
Ne4 O-O-O 15. g3 Nxe4 16. Qxe4 c5 17. dxc5 Bxc5 18. Qe2 Rhe8 19. Rh4 e5 20.
b4 Bd4 21. Qd3 Kb8 22. Nxd4 exd4 23. Rxd4 Ne5 24. Rxd8+ Rxd8 25. Qc3 f6 26.
Qxc7+ Kxc7 27. Bf4 Re8 28. Kb2 Kc6 29. a4 a6 30. a5 Nf7 31. Rd4 Ne5 32. Kb3
Rf8 33. c4 Re8 34. Rd5 Rf8 35. Rd4 Re8 36. Ka4 Re6 37. Be3 f5 38. b5+ Kc5
39. Rg4+ Kd6 40. c5+ Kd5 41. Rxg7 Ng4 42. Rd7+ Kc4 43. Rxb7 Nxe3 44. fxe3
Re4 45. bxa6 Kxc5+ 46. Ka3 Rxe3+ 47. Rb3 Re1 48. a7 Kc4 1-0

[Event "Asian Teams"]
[Site "Jodhpur IND"]
[Date "2003.04.10"]
[Round "4"]
[White "To Quoc Khanh"]
[Black "Xu Jun"]
[Result "1-0"]
[WhiteElo "2299"]
[BlackElo "2628"]
[EventDate "2003.04.07"]

1. e4 c5 2. Nf3 d6 3. Bb5+ Nd7 4. c4 Ngf6 5. Nc3 g6 6. O-O Bg7 7. d3 O-O 8.
h3 Nb6 9. Be3 a6 10. Ba4 Nxa4 11. Qxa4 Bd7 12. Qb3 Bc6 13. Rfe1 b5 14. cxb5
axb5 15. e5 Nd7 16. exd6 exd6 17. Bg5 Nf6 18. Nxb5 Qd7 19. a4 1-0

[Event "Asian Teams"]
[Site "Jodhpur IND"]
[Date "2003.04.10"]
[Round "4"]
[White "Ganguly,S"]
[Black "Sriram,J"]
[Result "1/2-1/2"]
[WhiteElo "2542"]
[BlackElo "2451"]
[EventDate "2003.04.07"]

1. e4 c5 2. Nf3 Nc6 3. d4 cxd4 4. Nxd4 Nf6 5. Nc3 e5 6. Ndb5 d6 7. Bg5 a6
8. Na3 b5 9. Bxf6 gxf6 10. Nd5 f5 11. c3 Bg7 12. exf5 Bxf5 13. Nc2 Ne7 14.
Nce3 Be6 15. Nxe7 Qxe7 16. g4 Rd8 17. Nd5 Qg5 18. Be2 e4 19. Nc7+ Ke7 20.
Nxa6 d5 21. Nb4 Rd6 22. Qc1 Qh4 23. Qf4 d4 24. cxd4 Bxd4 25. Rd1 Bc5 26.
Nd5+ Rxd5 27. Rxd5 Qxf2+ 28. Qxf2 Bxf2+ 29. Kxf2 Bxd5 30. Ke3 Bxa2 31. Rc1
Be6 32. Rc7+ Kd6 33. Rb7 Kc6 34. Rxb5 Bxg4 35. Re5 Bxe2 36. Kxe2 Rb8 37.
Rxe4 Rxb2+ 38. Kf3 Rxh2 39. Rf4 Kd6 40. Rxf7 Ke6 41. Kg3 Rh6 42. Ra7
1/2-1/2

[Event "Asian Teams"]
[Site "Jodhpur IND"]
[Date "2003.04.10"]
[Round "4"]
[White "Kunte,A"]
[Black "Roktim,B"]
[Result "1-0"]
[WhiteElo "2499"]
[BlackElo "2405"]
[EventDate "2003.04.07"]

1. d4 Nf6 2. c4 e6 3. g3 Bb4+ 4. Bd2 Qe7 5. Bg2 Nc6 6. Nf3 Bxd2+ 7. Nbxd2
d6 8. O-O e5 9. d5 Nb8 10. e4 a5 11. Nh4 O-O 12. Qc2 Na6 13. Rae1 c6 14. b3
g6 15. Nb1 Nh5 16. Nc3 Nc7 17. Rd1 c5 18. Qe2 Ng7 19. a3 Bd7 20. Rb1 Rfb8
21. b4 axb4 22. axb4 Na6 23. b5 Nb4 24. Ra1 Qd8 25. Qb2 Rxa1 26. Rxa1 Ra8
27. Nf3 Ra5 28. Nd2 Qa8 29. Rxa5 Qxa5 30. Bf1 Ne8 31. f4 f6 32. Nb3 Qa8 33.
Qa1 Qxa1 34. Nxa1 Nc7 35. Kf2 Kf7 36. Ke3 Ke7 37. Na4 Na8 38. Be2 b6 39.
Bd1 Bc8 40. Nb3 Bd7 41. Nd2 Bc8 42. Nb2 Nc7 43. Na4 Na8 44. h4 Bd7 45. Nb2
Bc8 46. Nf1 Bd7 47. Nh2 Bc8 48. Kd2 Bd7 49. Nf1 f5 50. fxe5 dxe5 51. Ke3
Kd6 52. Nd2 Ke7 53. Na4 Bc8 54. Nf3 Kf6 55. Nc3 Bd7 56. Ng5 h6 57. Nf3 Nc7
58. Nd2 Na8 59. h5 Nc7 60. Na4 Na8 61. hxg6 Kxg6 62. Nc3 Nc7 63. Na4 Na8
64. exf5+ Bxf5 65. Ne4 Bxe4 66. Kxe4 Kf6 67. Bg4 Nc2 68. d6 Nb4 69. Bd1 Kf7
70. g4 Kg6 1-0

[Event "Asian Teams"]
[Site "Jodhpur IND"]
[Date "2003.04.10"]
[Round "4"]
[White "Sadvakasov,D"]
[Black "Koneru,H"]
[Result "1/2-1/2"]
[WhiteElo "2577"]
[BlackElo "2496"]
[EventDate "2003.04.07"]

1. e4 e5 2. Nf3 Nf6 3. d4 Nxe4 4. Bd3 Nc6 5. d5 Nc5 6. dxc6 e4 7. cxb7 Bxb7
8. Be2 exf3 9. Bxf3 Bxf3 10. Qxf3 Bd6 11. O-O O-O 12. Nc3 c6 13. Re1 Qc7
14. g3 Ne6 15. Qd3 Be5 16. Be3 d5 17. f4 Bf6 18. f5 Ng5 19. Bxg5 Bxg5 20.
Na4 Rfe8 21. Kf1 Qd6 22. Rad1 h5 23. Re2 h4 24. Rde1 Rxe2 25. Rxe2 Qb4 26.
b3 Qg4 27. Nc3 hxg3 28. hxg3 Qh3+ 29. Kg1 Bd8 30. Rh2 Bb6+ 31. Kh1 Qg4 32.
Re2 Qh3+ 33. Rh2 Qg4 34. Re2 Qh3+ 1/2-1/2

[Event "Asian Teams"]
[Site "Jodhpur IND"]
[Date "2003.04.11"]
[Round "5"]
[White "Sandipan,C"]
[Black "Ravi,L"]
[Result "0-1"]
[WhiteElo "2478"]
[BlackElo "2427"]
[EventDate "2003.04.07"]

1. e4 e6 2. d4 d5 3. e5 c5 4. c3 Nc6 5. Nf3 Bd7 6. Be2 Nge7 7. Na3 Ng6 8.
h4 cxd4 9. cxd4 Bb4+ 10. Kf1 Bxa3 11. bxa3 h6 12. Rb1 Na5 13. Bd2 Bc6 14.
Bd3 Nc4 15. Bc1 Qd7 16. h5 Ne7 17. Nd2 Bb5 18. Qb3 Nxd2+ 19. Bxd2 Bxd3+ 20.
Qxd3 Rc8 21. g4 Rc4 22. Kg2 O-O 23. Be3 Rfc8 24. Rb3 b6 25. Rh3 Qc6 26.
Bxh6 gxh6 27. Qe3 Kg7 28. Qf4 Rg8 29. Qf6+ Kf8 30. Qxh6+ Ke8 31. Qf4 Nf5
32. h6 Rxd4 33. h7 Rxg4+ 34. Qg3 Nxg3 35. h8=Q+ Kd7 36. Rhxg3 Rdf4 37. Rxg4
Rxg4+ 38. Kf3 Qa4 39. Ke2 Qc4+ 40. Kd2 Rd4+ 41. Ke3 Re4+ 42. Kf3 Rh4 43.
Qg7 Qe4+ 44. Kg3 Qf4+ 0-1

[Event "Asian Teams"]
[Site "Jodhpur IND"]
[Date "2003.04.11"]
[Round "5"]
[White "Nguyen Anh Dung"]
[Black "Ganguly,S"]
[Result "1/2-1/2"]
[WhiteElo "2530"]
[BlackElo "2542"]
[EventDate "2003.04.07"]

1. d4 d5 2. c4 dxc4 3. Nf3 Nf6 4. e3 e6 5. Bxc4 c5 6. O-O a6 7. dxc5 Qxd1
8. Rxd1 Bxc5 9. a3 b6 10. Nbd2 Bb7 11. b4 Be7 12. Bb2 Nbd7 1/2-1/2

[Event "Asian Teams"]
[Site "Jodhpur IND"]
[Date "2003.04.11"]
[Round "5"]
[White "Xu Jun"]
[Black "Kostenko,P"]
[Result "1-0"]
[WhiteElo "2628"]
[BlackElo "2481"]
[EventDate "2003.04.07"]

1. d4 e6 2. c4 c5 3. d5 exd5 4. cxd5 d6 5. Nc3 g6 6. Nf3 Bg7 7. Nd2 Nf6 8.
Nc4 O-O 9. Bg5 h6 10. Bh4 Na6 11. e3 Nc7 12. a4 b6 13. Be2 Bb7 14. O-O g5
15. Bg3 Ncxd5 16. Nxd6 Nxc3 17. bxc3 Bc6 18. Bb5 Qd7 19. Qc2 Nh5 20. Rad1
Nxg3 21. hxg3 Bxb5 22. axb5 f5 23. Rd5 Rae8 24. Qb3 Re6 25. Nxf5 Qf7 26. g4
Re5 27. Rfd1 h5 28. c4 Rxd5 29. Rxd5 hxg4 30. g3 Qe6 31. Qd3 Be5 32. e4 Bb8
33. Qe2 1-0